[Event "Edinburgh Park op"]
[Site "Edinburgh"]
[Date "2024.03.23"]
[Round "2"]
[White "Sharma, Devesh"]
[Black "Kopernicky, Martin"]
[Result "1/2-1/2"]
[WhiteElo "1752"]
[BlackElo "1870"]
[PlyCount "83"]
[EventDate "2024.03.22"]
[EventType "swiss"]
[EventRounds "5"]
[EventCountry "SCO"]
[SourceTitle "CB15_2024"]
[SourceDate "2024.04.10"]
[SourceVersion "1"]
[SourceVersionDate "2024.04.10"]
[SourceQuality "1"]

1. e4 e5 2. Nf3 Nc6 3. Nc3 Nf6 4. d4 exd4 5. Nxd4 Nxd4 6. Qxd4 d6 7. Bf4 Be7 8. 0-0-0 0-0 9. f3 Be6 10. g4 Nd7 11. Qe3 h6 12. Kb1 Bg5 13. Bxg5 hxg5 14. h4 gxh4 15. g5 f6 16. f4 fxg5 17. fxg5 Ne5 18. Be2 h3 19. Rdg1 Qd7 20. Nd5 Bxd5 21. exd5 a5 22. g6 Rf6 23. Rxh3 Re8 24. Qb3 Nxg6 25. Bb5 Qf7 26. Qd3 Re5 27. Rhg3 Ref5 28. a3 Ne5 29. Qc3 Rg6 30. Rxg6 Nxg6 31. Bd3 Rf6 32. Bxg6 Rxg6 33. Rxg6 Qxg6 34. Qxc7 Qg1+ 35. Ka2 Qg3 36. Qxb7 g5 37. c4 Qf4 38. Qc8+ Kg7 39. Qd7+ Kg6 40. Qe8+ Qf7 41. Qe4+ Qf5 42. Qe8+ 1/2-1/2

[Event "Basingstoke 4NCL Spring Bank op-A 1st"]
[Site "Basingstoke"]
[Date "2018.05.28"]
[Round "7"]
[White "Jukes, Sam"]
[Black "Kopernicky, Martin"]
[Result "1-0"]
[WhiteElo "1797"]
[BlackElo "2057"]
[PlyCount "57"]
[EventDate "2018.05.25"]
[EventType "swiss"]
[EventRounds "7"]
[EventCountry "ENG"]
[SourceTitle "CBM 184 Extra"]
[Source "ChessBase"]
[SourceDate "2018.06.28"]
[SourceVersion "1"]
[SourceVersionDate "2018.06.28"]
[SourceQuality "1"]

1. e4 e5 2. Nf3 Nc6 3. Bc4 Bc5 4. c3 Nf6 5. d3 0-0 6. Bb3 d5 7. exd5 Nxd5 8. 0-0 Kh8 9. Nxe5 Bxf2+ 10. Rxf2 Nxe5 11. h3 f6 12. d4 Nc6 13. Na3 Nde7 14. Bf4 a6 15. Qf3 Ng6 16. Bg3 Na5 17. Bc2 Be6 18. Re1 Bxa2 19. Qh5 Bf7 20. Qxa5 b6 21. Qf5 Qc8 22. Rfe2 Qxf5 23. Bxf5 c5 24. dxc5 bxc5 25. Bd6 Rfe8 26. Rxe8+ Rxe8 27. Rxe8+ Bxe8 28. Bxg6 Bxg6 29. Bxc5 1-0

[Event "Basingstoke 4NCL Spring Bank op-A 1st"]
[Site "Basingstoke"]
[Date "2018.05.25"]
[Round "1"]
[White "Akeya Price, Robert A"]
[Black "Kopernicky, Martin"]
[Result "1/2-1/2"]
[WhiteElo "1760"]
[BlackElo "2057"]
[PlyCount "56"]
[EventDate "2018.05.25"]
[EventType "swiss"]
[EventRounds "7"]
[EventCountry "ENG"]
[SourceTitle "CBM 184 Extra"]
[Source "ChessBase"]
[SourceDate "2018.06.28"]
[SourceVersion "1"]
[SourceVersionDate "2018.06.28"]
[SourceQuality "1"]

1. d4 Nf6 2. c4 e6 3. Nf3 d5 4. g3 Be7 5. Bg2 0-0 6. Qc2 dxc4 7. Qxc4 a6 8. a4 b5 9. Qb3 Bb7 10. axb5 axb5 11. Rxa8 Bxa8 12. Nbd2 Qd5 13. Qxd5 Bxd5 14. 0-0 Nbd7 15. Nb1 b4 16. Bf4 c5 17. dxc5 Nxc5 18. Nd4 Na4 19. b3 Bxg2 20. Kxg2 Nb6 21. Nc6 Nbd5 22. Nxe7+ Nxe7 23. Bd6 Nfd5 24. e4 Rd8 25. Bc5 Rc8 26. Bd6 Rd8 27. Bc5 Rc8 28. Bd6 Rd8 1/2-1/2